00459cam4a220018100 4500001001200000003000500012005001700017008004100034035001800075035002200093040000900115100003100124245001700155260003300172949004800205004000500253999001900258tmp15353189UPRA20190822121008.0950801s1964 enk eng u a(Sirsi) r9221 a(UPRA)tmp15353189 cUPRA1 aGordon, Richard.6A62312.110aNuts in May. aLondon :bHeinemann,c[1964] aPR6029.S84wlcci-650mMAINtBOOKlON-SHELF9221 c134608d134608